2020-21 RB Leipzig Squad - Statistics

General Stats
  • This quiz has been taken 56 times
  • The average score is 15 of 30
Answer Stats
Squad Number Position Nationality Player % Correct
1 GK Hungarian Péter Gulácsi
91%
4 CB Hungarian Willi Orbán
89%
9 ST Danish Yussuf Poulsen
87%
3 LB Spanish Angeliño
85%
10 LW Swedish Emil Forsberg
85%
7 RW Austrian Marcel Sabitzer
83%
6 CB French Ibrahima Konaté
74%
18 AM French Christopher Nkunku
70%
25 AM Spanish Dani Olmo
70%
5 CB French Dayot Upamecano
70%
23 LB German Marcel Halstenberg
68%
19 ST Norwegian Alexander Sørloth
66%
14 DM American Tyler Adams
66%
16 CB German Lukas Klostermann
64%
11 CF South Korean Hwang Hee-chan
62%
22 RB French Nordi Mukiele
62%
- Manager German Julian Nagelsmann
60%
44 CM Slovenian Kevin Kampl
60%
27 CM Austrian Konrad Laimer
60%
8 CM Malian Amadou Haidara
57%
21 LW Dutch Justin Kluivert
32%
39 RB German Benjamin Henrichs
21%
13 GK German Philipp Tschauner
21%
33 GK Spanish Josep Martínez
11%
47 AM German Joscha Wosz
9%
20 AM German Lazar Samardžić
9%
35 RW German Fabrice Hartmann
4%
38 CF Spanish Hugo Novoa
4%
41 CF German Dennis Borkowski
2%
32 GK German Tim Schreiber
2%
No matching quizzes found
Score Distribution
Percent of People with Each Score
Percentile by Number Answered
Your Score History
You have not taken this quiz